| 000 | 01867nam a2200385 i 4500 | ||
|---|---|---|---|
| 999 |
_c5724 _d5724 |
||
| 001 | ocm00590435 | ||
| 003 | OAUW | ||
| 005 | 20251027094525.0 | ||
| 008 | 250122t20242024meu ed 000 f eng d | ||
| 020 | _a9781035044528 | ||
| 040 |
_aGCmBT _beng _cGCmBT _dBTCAT _dCaOAUW _erda _dCaOL _dKH8 |
||
| 041 | 1 |
_aeng _hjap |
|
| 082 | _aFIC KAW | ||
| 100 | 1 |
_aKawaguchi, Toshikazu, _d1971- _eauthor. |
|
| 245 | 1 | 0 |
_aBefore we say goodbye: _cToshikazu Kawaguchi ; translated from the Japanese by Geoffrey Trousselot. |
| 250 | _aLarge print edition. | ||
| 260 |
_aLondon ; _bMacmillan Publishers , _c2024. |
||
| 264 | 4 | _c©2023. | |
| 300 |
_a217 pages ; _c22 cm. |
||
| 336 |
_atext _2rdacontent. |
||
| 337 |
_aunmediated _2rdamedia. |
||
| 338 |
_avolume _2rdacarrier. |
||
| 340 |
_nLarge print _2rdafs. |
||
| 490 | 1 | _aBefore the coffee gets cold | |
| 520 | _aThe regulars at the magical Café Funiculi Funicula are well acquainted with its famous legend and extraordinary time-travel offer. Many patrons have reunited with old flames, made amends with estranged family and visited loved ones. But the journey is not without risks, and there are rules to follow. In the tradition of Toshikazu Kawaguchi's sensational Before the Coffee Gets Cold Series, readers will once again be introduced to a new set of visitors: the husband with something important left to say; the woman who couldn't bid her dog farewell; the woman who couldn't answer a proposal; and the daughter who drove her father away. | ||
| 546 | _aTranslated from the Japanese. | ||
| 650 | 0 |
_aCoffeehouses _zJapan _zTokyo _vFiction. |
|
| 650 | 0 |
_aTime travel _vFiction. |
|
| 650 | 0 |
_aInterpersonal relations _vFiction. |
|
| 651 | 0 |
_aTokyo (Japan) _vFiction. |
|
| 651 | 0 |
_aJapan _vFiction. |
|
| 700 |
_aTrousselot, Geoffrey, _etranslator. |
||
| 830 | 0 | _aBefore the coffee gets cold. | |
| 942 |
_2ddc _cFIC |
||